<?xml version="1.0" encoding="UTF-8"?>
<collection xmlns="http://www.loc.gov/MARC21/slim">
 <record>
  <leader>00939nam a2200241   4500</leader>
  <controlfield tag="001">000025325</controlfield>
  <controlfield tag="003">21818</controlfield>
  <controlfield tag="005">20170926140936.0</controlfield>
  <controlfield tag="008">170926s2016                        viesd</controlfield>
  <datafield tag="041" ind1="0" ind2=" ">
   <subfield code="a">vie</subfield>
  </datafield>
  <datafield tag="245" ind1="0" ind2="0">
   <subfield code="a">Lí luận văn học</subfield>
   <subfield code="c">Trần Đình Sử (chủ biên), ...</subfield>
  </datafield>
  <datafield tag="260" ind1=" " ind2=" ">
   <subfield code="a">H.</subfield>
   <subfield code="b">Đại học sư phạm</subfield>
   <subfield code="c">2016</subfield>
  </datafield>
  <datafield tag="300" ind1=" " ind2=" ">
   <subfield code="a">3 tập</subfield>
   <subfield code="c">21 cm.</subfield>
  </datafield>
  <datafield tag="774" ind1=" " ind2=" ">
   <subfield code="b">In lần thứ 6, có bổ sung, sửa chữa.</subfield>
   <subfield code="d">H.</subfield>
   <subfield code="d">Đại học sư phạm</subfield>
   <subfield code="d">2016</subfield>
   <subfield code="g">Tập 2</subfield>
   <subfield code="h">439 tr.</subfield>
   <subfield code="t">Tác phẩm và thể loại văn học</subfield>
   <subfield code="w">21819</subfield>
   <subfield code="z">978-604-54-2801-6</subfield>
  </datafield>
  <datafield tag="774" ind1=" " ind2=" ">
   <subfield code="a">Phương Lựu</subfield>
   <subfield code="b">In lần thứ 6, có bổ sung, sửa chữa.</subfield>
   <subfield code="d">Đại học sư phạm</subfield>
   <subfield code="d">H.</subfield>
   <subfield code="d">2016</subfield>
   <subfield code="g">Tập 3</subfield>
   <subfield code="h">343 tr.</subfield>
   <subfield code="t">Tiến trình văn học</subfield>
   <subfield code="w">21820</subfield>
   <subfield code="z">978-604-54-2802-3</subfield>
  </datafield>
  <datafield tag="OWN" ind1=" " ind2=" ">
   <subfield code="a">LSP</subfield>
  </datafield>
  <datafield tag="999" ind1=" " ind2=" ">
   <subfield code="a">From the UDN01</subfield>
  </datafield>
  <datafield tag="TYP" ind1=" " ind2=" ">
   <subfield code="a">Monograph</subfield>
  </datafield>
  <datafield tag="TYP" ind1=" " ind2=" ">
   <subfield code="a">Printed language</subfield>
  </datafield>
  <datafield tag="980" ind1=" " ind2=" ">
   <subfield code="a">Mạng thư viện Đại học Đà Nẵng</subfield>
  </datafield>
 </record>
</collection>
